Quiz wiedzy o okresie wojny polsk-niemieckiej w 1939 roku - Statystyki

Ogólne statystyki
  • Ten quiz został rozwiązany 210 razy
  • Średni wynik to 3 z 7
Statystyki odpowiedzi
Pytanie odpowiedź % Poprawnych
W którym roku rozpoczęła się druga wojna światowa? 1939
100%
W którym roku Adolf Hitler objął władzę w Niemczech? 1933
73%
Jak nazywały się oddziały wojsk polskich uzbrojonych w kosy? kosynierzy
40%
W którym dniu oraz miesiącu Niemcy zaatakowali Polskę? pierwszego września
23%
W którym dniu oraz miesiącu Związek Radziecki zaatakował Polskę siedemnastego września
20%
Ile dni trwała obrona Westerplatte? siedem dni
11%
Kto dowodził obroną półwyspu od drugiego września? Franciszek Dąbrowski
4%
Nie znaleziono quizów pasujących do podanych kryteriów
Rozkład punktacji
Procent ludzi z każdym wynikiem
Percentyl według liczby udzielonych odpowiedzi
Twoja historia wyników
Nie rozwiązałeś tego quizu